000 00463pab a2200157 454500
008 180718b1997 xxu||||| |||| 00| 0 eng d
100 _aFernando, Jude L.
245 _aNon governmental organizations, micro-credit and empowerment of women
260 _c1997
300 _ap.150-77
362 _aNov
650 _aWomen
650 _aNon governmental organizations
773 _aAnnals of the American Academy of Political and Social Science
909 _a36831
999 _c36831
_d36831